LEADER 01274nam 2200385 450 001 000002566 005 20070503173100.0 100 $a--------d1948----km-y0itay0103----ba 101 0 $aeng 102 $aUS 200 1 $aChallenge of the american know-how$fby Pearl Franklin Clark 200 1 $a1 $n0001842 210 $aNew York$cHarper$dc1948 215 $aXIII, 172 p.$d21 cm. 606 $aEuropa$xcondizioni economiche$zSec. 20 676 $a330.4 700 1$aClark,$bPearl Franklin$0438944 801 0$aIT$bUniversitą della Basilicata - B.I.A.$gRICA$2unimarc 912 $a000002566 996 $aChallenge of the american know-how$971152 997 $aUNIBAS BAS $aMONLET BAS $aMONOGR BAS $aLETTERE CAT $aSTOLFI$b01$c19990906$lBAS01$h1332 CAT $c20000920$lBAS01$h1830 CAT $c20001010$lBAS01$h1633 CAT $c20050601$lBAS01$h1753 CAT $abatch$b01$c20050718$lBAS01$h1047 CAT $c20050718$lBAS01$h1106 CAT $c20050718$lBAS01$h1136 CAT $c20050718$lBAS01$h1151 CAT $aBATCH$b00$c20070503$lBAS01$h1731 FMT Z30 -1$lBAS01$LBAS01$mBOOK$1BASA1$APolo Storico-Umanistico$2GEN$BCollezione generale$3FM/3080$9FM/3080$63080$5L3080$819990906$f02$FPrestabile Generale LEADER 01220nam 22003853 450 001 9910149484303321 005 20230808200353.0 010 $a2-87554-444-6 035 $a(CKB)3710000000934250 035 $a(MiAaPQ)EBC4764290 035 $a(Au-PeEL)EBL4764290 035 $a(CaPaEBR)ebr11315316 035 $a(OCoLC)966586423 035 $a(EXLCZ)993710000000934250 100 $a20210901d2016 uy 0 101 0 $afre 135 $aurcnu|||||||| 181 $ctxt$2rdacontent 182 $cc$2rdamedia 183 $acr$2rdacarrier 200 10$aAccident de personne $eUn roman dramatique 210 1$aCork :$cEditions Luce Wilquin,$d2016. 210 4$d©2016. 215 $a1 online resource (91 pages) 311 $a2-88253-444-2 327 $aCouverture -- Titre -- Droit d'auteur -- Chapitre 1 -- Chapitre 2 -- Chapitre 3 -- Chapitre 4 -- Chapitre 5 -- Chapitre 6 -- Chapitre 7 -- Chapitre 8 -- Chapitre 9 -- Quatrie?me de couverture. 676 $a843/.92 700 $aRochat$b Anne-Fre?de?rique$01242488 801 0$bMiAaPQ 801 1$bMiAaPQ 801 2$bMiAaPQ 906 $aBOOK 912 $a9910149484303321 996 $aAccident de personne$92882155 997 $aUNINA